| 000 | 00694nam a2200253Ia 4500 | ||
|---|---|---|---|
| 001 | 42335 | ||
| 005 | 20240114003500.0 | ||
| 007 | ta | ||
| 008 | 080621s g b000 u 346 u | ||
| 040 | _aCottonCollege,Assam | ||
| 041 | _a346 | ||
| 082 |
_a891.442 _bV 669 Al |
||
| 100 | _aBidyabinod, Khirodprasad . | ||
| 245 | 0 |
_aAlamgir / _cKhirodprasad Bidyabinod. _hTextual Documents |
|
| 250 | _aIst ed / | ||
| 260 |
_aCalcutta : _bGurudas Chattupaddhy and Sons , _c2nd ed. |
||
| 300 |
_a122p ; _c17cm. |
||
| 653 | _aBengali Drama | ||
| 653 | _aT/G-Historical Drama (Bengali) | ||
| 653 | _aT/G-Bengali Drama | ||
| 942 |
_2ddc _cBK |
||
| 999 |
_c42301 _d42301 |
||